|
|
|
|
| LEADER |
00856nab a2200229 i 4500 |
| 001 |
publ32777 |
| 005 |
20250414141102.0 |
| 008 |
250414s1989 hu o 000 eng d |
| 022 |
|
|
|a 0031-711X; 1616-7074
|
| 024 |
7 |
|
|a 1865772
|2 mtmt
|
| 040 |
|
|
|a SZTE Publicatio Repozitórium
|b hun
|
| 041 |
|
|
|a eng
|
| 100 |
1 |
|
|a Hódi Klára
|
| 245 |
1 |
0 |
|a Microcrystal Cellulose Prepared Tablets Examination, Part 2.
|h [elektronikus dokumentum] :
|b Elektron microscope examination of Phenobarbitone and Pyridinolcarbamate tablets /
|c Hódi Klára
|
| 260 |
|
|
|c 1989
|
| 300 |
|
|
|a 1156-1159
|
| 490 |
0 |
|
|a PHARMAZEUTISCHE INDUSTRIE
|v 51 No. 10
|
| 650 |
|
4 |
|a Általános orvostudomány
|
| 700 |
0 |
1 |
|a Révész Piroska
|e aut
|
| 700 |
0 |
1 |
|a Miseta Mária
|e aut
|
| 700 |
0 |
1 |
|a Selmeczi Béla
|e aut
|
| 856 |
4 |
0 |
|u http://publicatio.bibl.u-szeged.hu/32777/1/aok_klny_529_89.pdf
|z Dokumentum-elérés
|